Le Chocolat - Statistiques

Statistiques générales
  • Ce quiz a été pris 426 fois
  • Le résultat moyen est 5 sur 12
Statistiques - réponses
Question Réponse % Correct
Comment appelle-t-on la préparation du cacao et du chocolat La torréfaction
76%
Hernán Cortés en rapporte en Europe dès: 1527
65%
D'où vient le chocolat? Amérique
57%
Quel est le chocolat préféré des Français? Au lait
57%
Qui consomme le plus de chocolat? Les Européens
57%
Comment appelle-t-on le fruit du cacaoyer: La cabosse
51%
Les Amérindiens utilisaient le chocolat en boisson A l'eau, épicée
43%
Qu'est-ce qu'une marquise au chocolat? Un gâteau sans cuisson
32%
Quel peuple est le premier à cultiver le cacaoyer pour répondre à leur besoins Mayas
24%
Le chocolat est-il bon pour la santé des humains? Oui, il est bon pour le coeur
22%
Quel chocolat est le plus calorique Aucun
14%
L'arbre sur lequel pousse le fève de cacao est le: Cacaotyer
5%
Aucun quiz correspondant
Distribution des résultats
% des personnes avec chaque résultat
Percentile par nombre de réponses
Votre historique - résultats
Vous n’avez pas pris ce quiz